|
|
|
|
| LEADER |
00000nam0a2200000 4500 |
| 001 |
109382 |
| 005 |
20231031120013.0 |
| 020 |
|
|
|a RU
|b 86-36983
|
| 035 |
|
|
|a (RuTPU)RU\TPU\book\118095
|
| 090 |
|
|
|a 109382
|
| 100 |
|
|
|a 20070207d1986 m y0rusy5003 ca
|
| 101 |
0 |
|
|a rus
|
| 102 |
|
|
|a UA
|
| 105 |
|
|
|a a j 001zy
|
| 200 |
1 |
|
|a Физические основы стойкости электродов плазменных ускорителей и технологических плазменных устройств
|e учебное пособие
|f Н. В. Белан, Г. И. Костюк, Е. П. Мышелов
|
| 210 |
|
|
|a Харьков
|c Харьковский авиационный ин-т
|d 1986
|
| 215 |
|
|
|a 205 с.
|c ил.
|
| 320 |
|
|
|a Библиогр.: с. 193-202.
|
| 610 |
1 |
|
|a плазменные ускорители
|
| 610 |
1 |
|
|a плазменные устройства
|
| 610 |
1 |
|
|a электроды
|
| 610 |
1 |
|
|a стойкость
|
| 610 |
1 |
|
|a физические основы
|
| 610 |
1 |
|
|a применение
|
| 610 |
1 |
|
|a потоки частиц
|
| 610 |
1 |
|
|a электродные пятна
|
| 610 |
1 |
|
|a теплофизические процессы
|
| 610 |
1 |
|
|a термомеханические процессы
|
| 610 |
1 |
|
|a учебные пособия
|
| 675 |
|
|
|a 621.387(075.8)
|v 3
|
| 700 |
|
1 |
|a Белан
|b Н. В.
|g Николай Васильевич
|4 070
|
| 701 |
|
1 |
|a Костюк
|b Г. И.
|g Геннадий Игоревич
|
| 701 |
|
1 |
|a Мышелов
|b Е. П.
|g Евгений Павлович
|
| 801 |
|
0 |
|a RU
|b RuMRKP
|c 19950704
|g psbo
|
| 801 |
|
1 |
|a RU
|b 63413507
|c 20070207
|g PSBO
|
| 801 |
|
2 |
|a RU
|b 63413507
|c 20071119
|g PSBO
|
| 942 |
|
|
|c BK
|